[Event "WCO2014"]
[Site "Tromso"]
[Date "2014.08.09"]
[Round "7.6"]
[WhiteID "7400330"]
[White "Lorne Malaku"]
[BlackID "9902600"]
[Black "Perera W C C"]
[Result "1/2-1/2"]
[LiveChessVersion "1.4.3"]
[BlackElo "2081"]
[WhiteElo "2056"]

1. Nf3 {[%clk 1:30:51]} Nf6 {[%clk 1:30:46]} 2. c4 {[%clk 1:31:03]} g6
{[%clk 1:30:58]} 3. b4 {[%clk 1:31:10]} Bg7 {[%clk 1:31:10]} 4. Bb2
{[%clk 1:31:24]} O-O {[%clk 1:31:08]} 5. d4 {[%clk 1:31:04]} d6 {[%clk 1:29:00]}
6. e3 {[%clk 1:29:58]} Nbd7 {[%clk 1:25:23]} 7. Be2 {[%clk 1:29:42]} e5
{[%clk 1:14:26]} 8. dxe5 {[%clk 1:27:04]} Ng4 {[%clk 1:14:27]} 9. Nc3
{[%clk 1:26:50]} Ndxe5 {[%clk 1:13:14]} 10. Nxe5 {[%clk 1:19:00]} Nxe5
{[%clk 1:13:34]} 11. O-O {[%clk 1:19:10]} Be6 {[%clk 1:10:58]} 12. Qb3
{[%clk 1:18:49]} c6 {[%clk 1:04:27]} 13. b5 {[%clk 1:16:32]} Qh4 {[%clk 1:01:11]}
14. f4 {[%clk 1:10:44]} Ng4 {[%clk 0:49:54]} 15. Bxg4 {[%clk 1:10:47]} Bxg4
{[%clk 0:50:01]} 16. Ne4 {[%clk 1:07:08]} Qe7 {[%clk 0:49:16]} 17. Bxg7
{[%clk 1:04:57]} Kxg7 {[%clk 0:49:40]} 18. Qd3 {[%clk 0:59:59]} Be2
{[%clk 0:40:04]} 19. Qxe2 {[%clk 0:51:52]} Qxe4 {[%clk 0:40:28]} 20. Rfd1
{[%clk 0:51:49]} Rae8 {[%clk 0:37:32]} 21. Kf2 {[%clk 0:46:51]} Re6
{[%clk 0:36:07]} 22. Rd4 {[%clk 0:33:45]} Qxd4 {[%clk 0:27:27]} 23. exd4
{[%clk 0:34:12]} Rxe2+ {[%clk 0:27:50]} 24. Kxe2 {[%clk 0:34:38]} Re8+
{[%clk 0:23:49]} 25. Kf3 {[%clk 0:32:40]} cxb5 {[%clk 0:14:56]} 26. cxb5
{[%clk 0:30:43]} d5 {[%clk 0:15:10]} 27. Rb1 {[%clk 0:30:53]} Rc8
{[%clk 0:13:57]} 28. Rb3 {[%clk 0:28:38]} Rc4 {[%clk 0:13:02]} 29. Ra3
{[%clk 0:28:49]} Rb4 {[%clk 0:13:09]} 30. Rxa7 {[%clk 0:28:21]} Rxb5
{[%clk 0:13:36]} 31. Ra3 {[%clk 0:24:31]} Rb4 {[%clk 0:11:41]} 32. Rb3
{[%clk 0:22:17]} Rxd4 {[%clk 0:10:26]} 33. Rxb7 {[%clk 0:22:24]} Rd3+
{[%clk 0:10:40]} 34. Ke2 {[%clk 0:22:13]} Ra3 {[%clk 0:11:04]} 35. Rb2
{[%clk 0:22:28]} Kf6 {[%clk 0:07:53]} 36. Rd2 {[%clk 0:22:38]} Ke6
{[%clk 0:07:54]} 37. Kd1 {[%clk 0:22:21]} Ra5 {[%clk 0:06:47]} 38. g3
{[%clk 0:14:47]} Kd6 {[%clk 0:02:17]} 39. Kc1 {[%clk 0:14:40]} Kc5
{[%clk 0:02:43]} 40. Kb2 {[%clk 0:14:25]} Kc4 {[%clk 0:00:46]} 41. Rc2+
{[%clk 0:10:34]} Kd3 {[%clk 0:01:05]} 42. Rc3+ {[%clk 0:09:43]} Kd2
{[%clk 0:01:19]} 43. Rc2+ {[%clk 0:09:48]} Kd3 {[%clk 0:01:45]} 44. Rc3+
{[%clk 0:09:57]} Kd2 {[%clk 0:24:39]} 45. Rc2+ {[%clk 0:40:50]} Kd3
{[%clk 0:25:05]} 1/2-1/2

[Event "WCO2014"]
[Site "Tromso"]
[Date "2014.08.09"]
[Round "7.7"]
[WhiteID "9900993"]
[White "Alahakoon Isuru"]
[BlackID "7400055"]
[Black "Mellace Andrew"]
[Result "1-0"]
[LiveChessVersion "1.4.3"]
[BlackElo "2087"]
[WhiteElo "2120"]

1. d4 {[%clk 1:30:53]} d5 {[%clk 1:29:03]} 2. Nf3 {[%clk 1:30:53]} c6
{[%clk 1:28:26]} 3. e3 {[%clk 1:30:17]} Nd7 {[%clk 1:25:56]} 4. Bd3
{[%clk 1:27:57]} Ngf6 {[%clk 1:25:43]} 5. O-O {[%clk 1:27:00]} e6
{[%clk 1:18:25]} 6. Nbd2 {[%clk 1:27:19]} Be7 {[%clk 1:18:10]} 7. b3
{[%clk 1:27:28]} O-O {[%clk 1:15:28]} 8. Bb2 {[%clk 1:26:30]} c5 {[%clk 1:13:02]}
9. Ne5 {[%clk 1:24:58]} cxd4 {[%clk 1:06:23]} 10. exd4 {[%clk 1:24:20]} Nxe5
{[%clk 1:06:28]} 11. dxe5 {[%clk 1:24:11]} Ne8 {[%clk 1:06:42]} 12. Qh5
{[%clk 0:49:24]} g6 {[%clk 1:06:14]} 13. Qe2 {[%clk 0:49:47]} Bd7
{[%clk 0:57:00]} 14. Nf3 {[%clk 0:49:03]} Ng7 {[%clk 0:56:36]} 15. Qe3
{[%clk 0:33:47]} Kh8 {[%clk 0:48:17]} 16. Qh6 {[%clk 0:26:24]} Nf5
{[%clk 0:46:05]} 17. Qh3 {[%clk 0:21:50]} Rc8 {[%clk 0:40:24]} 18. g4
{[%clk 0:16:51]} Nh4 {[%clk 0:32:06]} 19. Nd4 {[%clk 0:16:48]} g5
{[%clk 0:24:00]} 20. f4 {[%clk 0:16:30]} gxf4 {[%clk 0:11:00]} 21. Rxf4
{[%clk 0:16:40]} Ng6 {[%clk 0:10:58]} 22. Raf1 {[%clk 0:15:57]} Be8
{[%clk 0:10:06]} 23. Bxg6 {[%clk 0:15:53]} fxg6 {[%clk 0:10:31]} 24. Rxf8+
{[%clk 0:16:15]} 1-0

[Event "WCO2014"]
[Site "Tromso"]
[Date "2014.08.09"]
[Round "7.8"]
[WhiteID "7400500"]
[White "Wilson Brandon"]
[BlackID "9901124"]
[Black "Kalugampitiya R S"]
[Result "1-0"]
[LiveChessVersion "1.4.3"]
[BlackElo "2121"]
[WhiteElo "2090"]

1. e4 {[%clk 1:30:55]} c6 {[%clk 1:30:30]} 2. d4 {[%clk 1:31:08]} d5
{[%clk 1:30:38]} 3. e5 {[%clk 1:31:28]} Bf5 {[%clk 1:30:30]} 4. Ne2
{[%clk 1:31:50]} e6 {[%clk 1:29:34]} 5. Ng3 {[%clk 1:32:12]} Bg6 {[%clk 1:26:29]}
6. h4 {[%clk 1:32:33]} h6 {[%clk 1:26:06]} 7. h5 {[%clk 1:32:51]} Bh7
{[%clk 1:26:13]} 8. Bd3 {[%clk 1:33:00]} Bxd3 {[%clk 1:20:59]} 9. Qxd3
{[%clk 1:33:21]} Nd7 {[%clk 1:20:59]} 10. Be3 {[%clk 1:28:13]} c5
{[%clk 1:13:18]} 11. c3 {[%clk 1:17:50]} Ne7 {[%clk 1:05:52]} 12. Nd2
{[%clk 1:12:43]} Nc6 {[%clk 0:57:21]} 13. a3 {[%clk 1:10:27]} c4 {[%clk 0:52:11]}
14. Qc2 {[%clk 1:08:53]} b5 {[%clk 0:36:31]} 15. f4 {[%clk 1:08:02]} Be7
{[%clk 0:23:08]} 16. Nf3 {[%clk 1:07:24]} Qb6 {[%clk 0:21:42]} 17. O-O
{[%clk 1:02:07]} a5 {[%clk 0:18:48]} 18. Qf2 {[%clk 0:55:47]} a4 {[%clk 0:18:15]}
19. f5 {[%clk 0:52:53]} O-O-O {[%clk 0:17:46]} 20. fxe6 {[%clk 0:51:10]} fxe6
{[%clk 0:18:15]} 21. Ne2 {[%clk 0:51:20]} Nf8 {[%clk 0:09:45]} 22. Qg3
{[%clk 0:48:25]} Qa7 {[%clk 0:02:30]} 23. Nf4 {[%clk 0:47:03]} Rg8
{[%clk 0:02:31]} 24. Rae1 {[%clk 0:40:06]} Qd7 {[%clk 0:02:19]} 25. Rf2
{[%clk 0:38:44]} Re8 {[%clk 0:02:13]} 26. Ref1 {[%clk 0:38:53]} Nd8
{[%clk 0:01:25]} 27. Nh3 {[%clk 0:34:23]} g5 {[%clk 0:01:13]} 28. Nh2
{[%clk 0:33:43]} Nh7 {[%clk 0:00:40]} 29. Ng4 {[%clk 0:33:58]} Bf8
{[%clk 0:01:05]} 30. Qf3 {[%clk 0:27:33]} Re7 {[%clk 0:01:04]} 31. Qe2
{[%clk 0:27:49]} Qe8 {[%clk 0:01:04]} 32. Nf6 {[%clk 0:24:14]} Nxf6
{[%clk 0:01:32]} 33. Rxf6 {[%clk 0:24:31]} Bg7 {[%clk 0:01:33]} 34. Rg6
{[%clk 0:20:28]} Rf7 {[%clk 0:01:07]} 35. Nf2 {[%clk 0:14:38]} Rgf8
{[%clk 0:01:25]} 36. Re1 {[%clk 0:14:37]} Nc6 {[%clk 0:01:07]} 37. Ng4
{[%clk 0:14:36]} Rh8 {[%clk 0:00:48]} 38. Nf6 {[%clk 0:10:19]} Bxf6
{[%clk 0:00:43]} 39. exf6 {[%clk 0:10:23]} Kd7 {[%clk 0:00:46]} 40. Bf2
{[%clk 0:09:48]} Rhh7 {[%clk 0:00:39]} 41. Bg3 {[%clk 0:09:52]} Rh8
{[%clk 0:17:28]} 42. Bh2 {[%clk 0:39:31]} Nd8 {[%clk 0:13:36]} 43. Qe5
{[%clk 0:38:53]} Kc6 {[%clk 0:13:49]} 44. Qd6+ {[%clk 0:30:15]} Kb7 45. Qb8+
{[%clk 0:29:56]} Kc6 {[%clk 0:13:00]} 46. Qa8+ {[%clk 0:27:28]} Kb6
{[%clk 0:07:45]} 47. Bd6 {[%clk 0:24:59]} Qd7 {[%clk 0:04:01]} 48. Bb4
{[%clk 0:20:04]} Qb7 {[%clk 0:01:00]} 49. Ba5+ {[%clk 0:17:21]} Kc6
{[%clk 0:01:08]} 50. Rxe6+ {[%clk 0:17:13]} Kd7 {[%clk 0:00:36]} 51. Ra6
{[%clk 0:17:04]} Qxa8 {[%clk 0:00:38]} 52. Rxa8 {[%clk 0:17:26]} Re8
{[%clk 0:00:40]} 53. Rxd8+ {[%clk 0:16:15]} Rxd8 {[%clk 0:01:05]} 54. Bxd8
{[%clk 0:16:38]} Kxd8 {[%clk 0:01:30]} 55. Rxh6 {[%clk 0:17:00]} Kd7
{[%clk 0:01:01]} 56. Rg6 {[%clk 0:16:08]} Ke6 {[%clk 0:00:55]} 57. Rxg5 1-0

[Event "WCO2014"]
[Site "Tromso"]
[Date "2014.08.09"]
[Round "7.1"]
[WhiteID "15000605"]
[White "Nedev Trajko"]
[BlackID "7900660"]
[Black "Haddouche Mohamed"]
[Result "0-1"]
[LiveChessVersion "1.4.3"]
[BlackElo "2508"]
[WhiteElo "2484"]

1. e4 {[%clk 1:30:57]} d6 {[%clk 1:30:41]} 2. d4 {[%clk 1:31:21]} Nf6
{[%clk 1:31:04]} 3. Nc3 {[%clk 1:31:47]} e5 {[%clk 1:31:05]} 4. Nf3
{[%clk 1:32:01]} Nbd7 {[%clk 1:30:48]} 5. Bc4 {[%clk 1:32:22]} Be7
{[%clk 1:31:12]} 6. O-O {[%clk 1:32:45]} O-O {[%clk 1:31:33]} 7. Re1
{[%clk 1:33:03]} c6 {[%clk 1:31:57]} 8. a4 {[%clk 1:33:28]} a5 {[%clk 1:32:22]}
9. h3 {[%clk 1:33:36]} h6 {[%clk 1:32:26]} 10. Ba2 {[%clk 1:33:02]} Qc7
{[%clk 1:29:34]} 11. Be3 {[%clk 1:33:02]} Re8 {[%clk 1:29:46]} 12. Qd2
{[%clk 1:30:46]} Nf8 {[%clk 1:24:18]} 13. Rad1 {[%clk 1:23:15]} N6h7
{[%clk 1:13:40]} 14. Ne2 {[%clk 0:53:46]} Be6 {[%clk 1:07:12]} 15. c4
{[%clk 0:45:02]} Rad8 {[%clk 0:47:58]} 16. Ng3 {[%clk 0:37:03]} Bc8
{[%clk 0:41:13]} 17. Qc3 {[%clk 0:32:45]} Ng5 {[%clk 0:34:16]} 18. Nxg5
{[%clk 0:30:24]} Bxg5 {[%clk 0:33:42]} 19. Nf5 {[%clk 0:24:50]} Bxe3
{[%clk 0:29:10]} 20. Qxe3 {[%clk 0:22:09]} exd4 {[%clk 0:23:36]} 21. Qxd4
{[%clk 0:18:59]} Bxf5 {[%clk 0:23:05]} 22. exf5 {[%clk 0:19:28]} Rxe1+
{[%clk 0:20:54]} 23. Rxe1 {[%clk 0:19:57]} Nh7 {[%clk 0:21:12]} 24. Bb1
{[%clk 0:12:25]} Nf6 {[%clk 0:21:25]} 25. f4 {[%clk 0:09:42]} Rd7
{[%clk 0:17:29]} 26. g3 {[%clk 0:07:56]} Re7 {[%clk 0:17:01]} 27. Rxe7
{[%clk 0:08:05]} Qxe7 {[%clk 0:17:29]} 28. Kf2 {[%clk 0:08:29]} d5
{[%clk 0:13:04]} 29. cxd5 {[%clk 0:06:26]} Nxd5 {[%clk 0:12:30]} 30. Qe5
{[%clk 0:05:55]} Qd8 {[%clk 0:12:36]} 31. Ke2 {[%clk 0:05:20]} Nb4
{[%clk 0:09:59]} 32. f6 {[%clk 0:05:15]} gxf6 {[%clk 0:09:51]} 33. Qf5
{[%clk 0:04:50]} Kf8 {[%clk 0:06:20]} 34. Be4 {[%clk 0:05:15]} b6
{[%clk 0:04:58]} 35. g4 {[%clk 0:04:18]} Qd4 {[%clk 0:04:48]} 36. h4
{[%clk 0:04:36]} Qxb2+ {[%clk 0:05:04]} 37. Ke3 {[%clk 0:04:52]} Qc3+
{[%clk 0:05:16]} 38. Ke2 {[%clk 0:05:18]} Qc4+ {[%clk 0:05:17]} 39. Kf2
{[%clk 0:05:30]} Qd4+ {[%clk 0:01:08]} 40. Ke2 {[%clk 0:05:40]} Nd5
{[%clk 0:00:47]} 41. Bxd5 {[%clk 0:00:39]} cxd5 {[%clk 0:01:03]} 42. g5
{[%clk 0:29:57]} fxg5 {[%clk 0:28:27]} 43. hxg5 {[%clk 0:29:58]} Qe4+
{[%clk 0:26:29]} 44. Qxe4 {[%clk 0:30:23]} dxe4 {[%clk 0:26:57]} 45. Ke3
{[%clk 0:30:27]} f5 {[%clk 0:27:21]} 0-1

[Event "WCO2014"]
[Site "Tromso"]
[Date "2014.08.09"]
[Round "7.2"]
[WhiteID "7900325"]
[White "Bengherabi Khalil"]
[BlackID "15000729"]
[Black "Colovic Aleksandar"]
[Result "0-1"]
[LiveChessVersion "1.4.3"]
[BlackElo "2487"]
[WhiteElo "2170"]

1. e4 {[%clk 1:30:55]} c5 {[%clk 1:30:48]} 2. Nc3 {[%clk 1:31:20]} d6
{[%clk 1:31:05]} 3. g3 {[%clk 1:31:41]} Nc6 {[%clk 1:31:22]} 4. Bg2
{[%clk 1:32:05]} g6 {[%clk 1:31:49]} 5. d3 {[%clk 1:32:30]} Bg7 {[%clk 1:32:15]}
6. Be3 {[%clk 1:32:08]} Rb8 {[%clk 1:32:12]} 7. Qd2 {[%clk 1:31:19]} b5
{[%clk 1:32:16]} 8. Nd1 {[%clk 1:31:18]} e6 {[%clk 1:30:24]} 9. c3
{[%clk 1:31:14]} b4 {[%clk 1:30:26]} 10. Ne2 {[%clk 1:25:37]} bxc3
{[%clk 1:28:55]} 11. bxc3 {[%clk 1:26:04]} Ba6 {[%clk 1:26:49]} 12. f4
{[%clk 1:23:52]} Nge7 {[%clk 1:27:09]} 13. O-O {[%clk 1:23:43]} f5
{[%clk 1:26:37]} 14. exf5 {[%clk 1:11:21]} gxf5 {[%clk 1:24:55]} 15. Nf2
{[%clk 1:05:09]} O-O {[%clk 1:23:08]} 16. Rab1 {[%clk 1:02:33]} Qa5
{[%clk 1:20:03]} 17. Rfd1 {[%clk 0:42:00]} Nd5 {[%clk 0:58:34]} 18. c4
{[%clk 0:08:04]} Qxd2 {[%clk 0:47:14]} 19. Bxd2 {[%clk 0:08:27]} Nde7
{[%clk 0:47:38]} 20. Bc3 {[%clk 0:06:57]} Bxc3 {[%clk 0:38:49]} 21. Nxc3
{[%clk 0:07:25]} Nd4 {[%clk 0:39:11]} 22. Rxb8 {[%clk 0:04:19]} Rxb8
{[%clk 0:39:34]} 23. Rb1 {[%clk 0:04:48]} Rb4 {[%clk 0:35:48]} 24. Kf1
{[%clk 0:03:59]} d5 {[%clk 0:32:13]} 25. cxd5 {[%clk 0:04:01]} Nxd5
{[%clk 0:30:40]} 26. Bxd5 {[%clk 0:02:26]} Rxb1+ {[%clk 0:30:52]} 27. Nxb1
{[%clk 0:02:55]} exd5 {[%clk 0:31:15]} 28. Nc3 {[%clk 0:02:57]} Bb7
{[%clk 0:31:26]} 29. Nfd1 {[%clk 0:03:22]} Kf7 {[%clk 0:29:49]} 30. Ne3
{[%clk 0:03:33]} Ke6 {[%clk 0:30:11]} 31. Na4 {[%clk 0:03:44]} Kd6
{[%clk 0:30:28]} 32. Nc3 {[%clk 0:02:29]} Ba6 {[%clk 0:20:44]} 33. Nexd5
{[%clk 0:02:35]} Bxd3+ {[%clk 0:21:11]} 34. Kf2 {[%clk 0:02:59]} Bc4
{[%clk 0:20:49]} 35. Ne3 {[%clk 0:02:19]} Be6 {[%clk 0:21:12]} 36. h3
{[%clk 0:02:28]} h5 {[%clk 0:21:16]} 37. Ne2 {[%clk 0:00:42]} Bxa2
{[%clk 0:10:10]} 38. Nxd4 {[%clk 0:00:50]} cxd4 {[%clk 0:10:36]} 39. Nxf5+
{[%clk 0:01:16]} Kc5 {[%clk 0:11:03]} 40. g4 {[%clk 0:00:32]} a5 {[%clk 0:08:41]}
41. Ke2 {[%clk 0:20:17]} a4 {[%clk 0:34:09]} 42. Kd2 {[%clk 0:20:20]} Bb1
{[%clk 0:28:02]} 43. Ng3 {[%clk 0:10:46]} a3 {[%clk 0:26:38]} 44. Kc1
{[%clk 0:10:47]} Bd3 {[%clk 0:26:54]} 45. f5 {[%clk 0:09:25]} Kb4
{[%clk 0:25:58]} 46. f6 {[%clk 0:09:43]} Kc3 {[%clk 0:25:02]} 47. Ne2+
{[%clk 0:08:52]} Bxe2 {[%clk 0:25:13]} 48. Kb1 {[%clk 0:09:21]} d3
{[%clk 0:24:18]} 0-1

[Event "WCO2014"]
[Site "Tromso"]
[Date "2014.08.09"]
[Round "7.3"]
[WhiteID "15002187"]
[White "Pancevski Filip"]
[BlackID "7902026"]
[Black "Seddaoui Yamine"]
[Result "1-0"]
[LiveChessVersion "1.4.3"]
[BlackElo "2105"]
[WhiteElo "2464"]

1. e4 {[%clk 1:30:57]} e5 {[%clk 1:29:49]} 2. Nf3 {[%clk 1:31:22]} Nc6
{[%clk 1:30:11]} 3. Nc3 {[%clk 1:31:47]} Nf6 {[%clk 1:29:33]} 4. Bb5
{[%clk 1:32:10]} d6 {[%clk 1:18:02]} 5. d4 {[%clk 1:27:28]} exd4 {[%clk 1:13:22]}
6. Nxd4 {[%clk 1:27:53]} Bd7 {[%clk 1:13:46]} 7. Bxc6 {[%clk 1:26:27]} bxc6
{[%clk 1:14:08]} 8. Qf3 {[%clk 1:24:45]} Be7 {[%clk 1:05:05]} 9. e5
{[%clk 1:13:48]} Nd5 {[%clk 0:31:59]} 10. Nxd5 {[%clk 1:05:16]} cxd5
{[%clk 0:32:09]} 11. Qxd5 {[%clk 1:04:27]} O-O {[%clk 0:24:55]} 12. O-O
{[%clk 0:48:14]} dxe5 {[%clk 0:21:48]} 13. Qxe5 {[%clk 0:47:43]} Bf6
{[%clk 0:17:44]} 14. Qc5 {[%clk 0:47:31]} Bxd4 {[%clk 0:16:39]} 15. Qxd4
{[%clk 0:47:53]} Bb5 {[%clk 0:16:48]} 16. Rd1 {[%clk 0:45:00]} Qxd4
{[%clk 0:13:01]} 17. Rxd4 {[%clk 0:45:28]} Rad8 {[%clk 0:13:16]} 18. Be3
{[%clk 0:44:49]} Rxd4 {[%clk 0:13:06]} 19. Bxd4 {[%clk 0:45:08]} a6
{[%clk 0:13:19]} 20. a4 {[%clk 0:42:08]} Bd7 {[%clk 0:12:08]} 21. f3
{[%clk 0:38:32]} Re8 {[%clk 0:11:05]} 22. Kf2 {[%clk 0:38:57]} f6
{[%clk 0:11:21]} 23. g4 {[%clk 0:37:21]} Kf7 {[%clk 0:11:22]} 24. b3
{[%clk 0:37:04]} h5 {[%clk 0:10:04]} 25. h3 {[%clk 0:35:02]} hxg4
{[%clk 0:09:17]} 26. hxg4 {[%clk 0:35:30]} Rh8 {[%clk 0:08:57]} 27. Kg3
{[%clk 0:31:46]} Re8 {[%clk 0:07:36]} 28. Rd1 {[%clk 0:30:58]} Be6
{[%clk 0:03:45]} 29. Bc5 {[%clk 0:29:30]} Rh8 {[%clk 0:03:46]} 30. Be3
{[%clk 0:26:00]} Ke7 {[%clk 0:02:12]} 31. Rd3 {[%clk 0:25:27]} Rc8
{[%clk 0:01:22]} 32. Rc3 {[%clk 0:24:43]} Kd7 {[%clk 0:01:35]} 33. Rc5
{[%clk 0:24:40]} Ra8 {[%clk 0:00:53]} 34. Bd4 {[%clk 0:18:12]} c6
{[%clk 0:00:35]} 35. Ra5 {[%clk 0:14:34]} Bd5 {[%clk 0:00:48]} 36. Rc5
{[%clk 0:08:52]} Rf8 {[%clk 0:00:42]} 37. b4 {[%clk 0:02:13]} Rb8
{[%clk 0:00:39]} 38. Bc3 {[%clk 0:02:36]} Ke7 {[%clk 0:00:34]} 39. Bd2
{[%clk 0:02:47]} Kd7 {[%clk 0:00:39]} 40. c4 {[%clk 0:01:25]} Be6
{[%clk 0:00:44]} 41. Bc3 {[%clk 0:01:22]} Rh8 {[%clk 0:29:35]} 42. Kg2
{[%clk 0:31:53]} Bf7 {[%clk 0:17:53]} 43. Bd2 {[%clk 0:31:05]} Re8
{[%clk 0:17:46]} 44. Kf2 {[%clk 0:31:30]} Rh8 {[%clk 0:18:01]} 45. Bf4
{[%clk 0:30:33]} Rc8 {[%clk 0:15:01]} 46. Ke3 {[%clk 0:30:48]} Rd8
{[%clk 0:06:59]} 47. Kd4 {[%clk 0:19:36]} Kc8+ {[%clk 0:05:36]} 48. Kc3
{[%clk 0:19:59]} Kb7 {[%clk 0:05:59]} 49. b5 {[%clk 0:19:35]} axb5
{[%clk 0:06:23]} 50. axb5 {[%clk 0:19:13]} Rc8 {[%clk 0:05:57]} 51. Kb4
{[%clk 0:18:23]} Be8 {[%clk 0:05:03]} 52. b6 {[%clk 0:13:31]} Kxb6
{[%clk 0:04:39]} 53. Be3 {[%clk 0:13:06]} Kc7 {[%clk 0:03:34]} 54. Ra5
{[%clk 0:13:31]} Kd7 {[%clk 0:01:21]} 55. Kc5 {[%clk 0:13:50]} Ke6
{[%clk 0:01:38]} 56. f4 {[%clk 0:09:53]} g6 {[%clk 0:01:54]} 57. Ra1
{[%clk 0:10:08]} Rd8 {[%clk 0:01:51]} 58. Bd4 {[%clk 0:10:30]} Rb8
{[%clk 0:00:39]} 59. Rf1 {[%clk 0:08:21]} Ra8 {[%clk 0:00:47]} 60. Bc3
{[%clk 0:07:36]} Ra3 {[%clk 0:00:49]} 61. Kb4 {[%clk 0:06:40]} Ra7
{[%clk 0:00:55]} 62. Bd4 {[%clk 0:06:36]} Rh7 {[%clk 0:00:45]} 63. Bc5
{[%clk 0:05:55]} Rb7+ {[%clk 0:00:48]} 64. Kc3 {[%clk 0:06:20]} Rh7
{[%clk 0:00:43]} 65. Re1+ {[%clk 0:06:31]} Kd7 {[%clk 0:01:05]} 66. Bd4
{[%clk 0:04:45]} Rh3+ {[%clk 0:00:43]} 67. Kb4 {[%clk 0:05:09]} Rf3
{[%clk 0:01:01]} 68. Bxf6 {[%clk 0:04:39]} Rxf4 {[%clk 0:01:17]} 69. g5
{[%clk 0:05:04]} Rf5 {[%clk 0:01:22]} 70. Kc3 {[%clk 0:03:48]} Rf3+
{[%clk 0:00:35]} 71. Kd4 {[%clk 0:04:11]} Rf4+ {[%clk 0:00:34]} 72. Kc5
{[%clk 0:04:22]} Rf5+ {[%clk 0:00:40]} 73. Kb6 {[%clk 0:04:31]} c5
{[%clk 0:00:39]} 74. Re7+ {[%clk 0:04:29]} Kd6 {[%clk 0:00:35]} 75. Rxe8
{[%clk 0:04:45]} Kd7 {[%clk 0:00:39]} 76. Re5 {[%clk 0:05:00]} 1-0

[Event "WCO2014"]
[Site "Tromso"]
[Date "2014.08.09"]
[Round "7.4"]
[WhiteID "7900520"]
[White "Nassr Ali"]
[BlackID "15000290"]
[Black "Mitkov Nikola"]
[Result "0-1"]
[LiveChessVersion "1.4.3"]
[BlackElo "2500"]
[WhiteElo "2145"]

1. d4 {[%clk 1:30:48]} d5 {[%clk 1:30:00]} 2. Nf3 {[%clk 1:30:57]} Nf6
{[%clk 1:30:25]} 3. Bf4 {[%clk 1:30:41]} c5 {[%clk 1:30:45]} 4. e3
{[%clk 1:30:51]} Nc6 {[%clk 1:31:01]} 5. c4 {[%clk 1:28:43]} cxd4
{[%clk 1:14:20]} 6. exd4 {[%clk 1:25:48]} Bg4 {[%clk 1:06:42]} 7. Nc3
{[%clk 1:13:25]} e6 {[%clk 1:02:30]} 8. Be3 {[%clk 0:55:10]} Bb4 {[%clk 1:01:30]}
9. Rc1 {[%clk 0:53:58]} O-O {[%clk 1:00:15]} 10. cxd5 {[%clk 0:51:34]} Nxd5
{[%clk 1:00:04]} 11. Be2 {[%clk 0:50:57]} Qa5 {[%clk 0:39:39]} 12. Qb3
{[%clk 0:48:01]} e5 {[%clk 0:32:48]} 13. dxe5 {[%clk 0:41:09]} Nxe3
{[%clk 0:25:03]} 14. fxe3 {[%clk 0:41:24]} Be6 {[%clk 0:20:58]} 15. Qc2
{[%clk 0:36:36]} Nxe5 {[%clk 0:20:15]} 16. O-O {[%clk 0:35:26]} Ng4
{[%clk 0:20:18]} 17. Qe4 {[%clk 0:33:21]} Rae8 {[%clk 0:14:54]} 18. a3
{[%clk 0:26:32]} Bd6 {[%clk 0:14:43]} 19. Nb5 {[%clk 0:19:35]} Bb8
{[%clk 0:08:17]} 20. Ng5 {[%clk 0:06:08]} f5 {[%clk 0:08:35]} 21. Qxe6+
{[%clk 0:02:47]} Rxe6 {[%clk 0:08:58]} 22. Bc4 {[%clk 0:03:08]} Bxh2+
{[%clk 0:05:30]} 23. Kh1 {[%clk 0:03:36]} g6 {[%clk 0:04:26]} 24. Nxe6
{[%clk 0:01:53]} Qd2 {[%clk 0:03:43]} 25. Rcd1 {[%clk 0:00:34]} Qxe3
{[%clk 0:02:56]} 26. Nxf8+ {[%clk 0:00:38]} Kxf8 {[%clk 0:03:17]} 27. Rf3
{[%clk 0:00:31]} Nf2+ {[%clk 0:02:42]} 28. Rxf2 {[%clk 0:00:34]} Qxf2
{[%clk 0:03:07]} 29. Kxh2 {[%clk 0:00:38]} Qh4+ {[%clk 0:03:30]} 30. Kg1
{[%clk 0:01:01]} Qxc4 {[%clk 0:03:57]} 0-1

[Event "WCO2014"]
[Site "Tromso"]
[Date "2014.08.09"]
[Round "7.24"]
[WhiteID "19600100"]
[White "Boydia Sidi"]
[BlackID "5900727"]
[Black "Kelires Andreas"]
[Result "0-1"]
[LiveChessVersion "1.4.3"]
[BlackElo "2216"]
[WhiteElo "2068"]

1. c4 {[%clk 1:30:58]} Nf6 {[%clk 1:30:55]} 2. Nc3 {[%clk 1:31:24]} e6
{[%clk 1:31:03]} 3. g3 {[%clk 1:31:33]} d5 {[%clk 1:30:40]} 4. Bg2
{[%clk 1:31:23]} Be7 {[%clk 1:19:02]} 5. cxd5 {[%clk 1:28:59]} exd5
{[%clk 1:19:29]} 6. d3 {[%clk 1:29:15]} O-O {[%clk 1:18:04]} 7. Nf3
{[%clk 1:29:30]} c6 {[%clk 1:16:40]} 8. O-O {[%clk 1:23:41]} Bf5 {[%clk 1:14:52]}
9. Nd4 {[%clk 1:16:05]} Bg6 {[%clk 1:08:09]} 10. e4 {[%clk 1:11:21]} Nbd7
{[%clk 0:48:02]} 11. Nb3 {[%clk 1:07:46]} a5 {[%clk 0:41:48]} 12. a4
{[%clk 1:05:30]} Bb4 {[%clk 0:36:22]} 13. Bg5 {[%clk 0:54:11]} h6
{[%clk 0:31:00]} 14. Bxf6 {[%clk 0:51:55]} Nxf6 {[%clk 0:30:50]} 15. e5
{[%clk 0:51:33]} Bh5 {[%clk 0:22:19]} 16. f3 {[%clk 0:41:18]} Nd7
{[%clk 0:22:14]} 17. g4 {[%clk 0:38:17]} Bg6 {[%clk 0:22:40]} 18. f4
{[%clk 0:37:26]} f5 {[%clk 0:20:51]} 19. gxf5 {[%clk 0:29:27]} Bxf5
{[%clk 0:20:57]} 20. Kh1 {[%clk 0:29:42]} Nc5 {[%clk 0:19:03]} 21. Nxc5
{[%clk 0:27:10]} Bxc5 {[%clk 0:19:29]} 22. d4 {[%clk 0:25:11]} Bb4
{[%clk 0:19:41]} 23. Ne2 {[%clk 0:23:31]} h5 {[%clk 0:18:27]} 24. Ng3
{[%clk 0:23:17]} Bg4 {[%clk 0:18:10]} 25. Bf3 {[%clk 0:22:57]} Rxf4
{[%clk 0:12:46]} 26. Nxh5 {[%clk 0:22:39]} Rxf3 {[%clk 0:12:32]} 27. Nf6+
{[%clk 0:17:16]} Rxf6 {[%clk 0:12:40]} 28. Qxg4 {[%clk 0:17:42]} Rxf1+
{[%clk 0:12:55]} 29. Rxf1 {[%clk 0:18:10]} Qe7 {[%clk 0:12:40]} 30. Rf5
{[%clk 0:15:54]} Rf8 {[%clk 0:12:35]} 31. Rxf8+ {[%clk 0:14:13]} Qxf8
{[%clk 0:12:36]} 32. Qe6+ {[%clk 0:14:23]} Qf7 {[%clk 0:13:00]} 33. Qc8+
{[%clk 0:14:49]} Bf8 {[%clk 0:13:26]} 34. Kg2 {[%clk 0:15:04]} Qg6+
{[%clk 0:13:28]} 35. Kf2 {[%clk 0:14:44]} Qc2+ {[%clk 0:13:05]} 36. Kg3
{[%clk 0:14:24]} Qd3+ {[%clk 0:13:21]} 37. Kg2 {[%clk 0:13:36]} Qe4+
{[%clk 0:13:36]} 38. Kg3 {[%clk 0:13:56]} Qg6+ {[%clk 0:13:29]} 39. Kf2
{[%clk 0:14:07]} c5 {[%clk 0:13:24]} 40. dxc5 {[%clk 0:11:20]} Qc2+
{[%clk 0:13:47]} 41. Kg3 {[%clk 0:11:23]} Qd3+ {[%clk 0:14:06]} 42. Kf2
{[%clk 0:10:48]} Qd4+ {[%clk 0:14:29]} 43. Kg2 {[%clk 0:11:05]} Qxb2+
{[%clk 0:14:53]} 44. Kf3 {[%clk 0:11:17]} Qxe5 {[%clk 0:14:50]} 45. Qxb7
{[%clk 0:11:31]} Qc3+ {[%clk 0:15:04]} 46. Kf4 {[%clk 0:11:26]} Qxc5
{[%clk 0:15:24]} 0-1